Most recent independence referendums - Statistics

General Stats
  • This quiz has been taken 12 times
  • The average score is 5 of 10
Answer Stats
Hint Answer % Correct
2014 unsuccessful Scotland
100%
2017 successful but not legally recognised Catalonia
92%
2006 successful Montenegro
58%
2011 successful South Sudan
58%
1995 unsuccessful Quebec
50%
2019 successful but pending Bougainville
42%
1999 successful East Timor
42%
2021 unsuccessful New Caledonia
33%
1993 successful Eritrea
17%
2007 unsuccessful Tokelau
0%
No matching quizzes found
Score Distribution
Percent of People with Each Score
Percentile by Number Answered
Your Score History
You have not taken this quiz